LEADER 00626nab a2200133 i 4500 001 000000321852 003 CaOOAMICUS 005 20180831173354.0 008 180831n it uu u0 0ita r 013 $a32140 040 $aSeMil$bita 245 10$aGiulia Colombo (1918-2007) ; Mons. Giovanni Brambilla (1922-2007) ; Suor Lucina Denti (1916-2007). - In [rubrica] :$bLa Fiaccola ricorda. 773 0 $tSeminario in festa ; Jean Vanier a Milano.$gp.31$w()266659 996 $6245$aGiulia Colombo (1918-2007) ; Mons. Giovanni Brambilla (1922-2007) ; Suor Lucina Denti (1916-2007). - In [rubrica] :$bLa Fiaccola ricorda.$9(OLS)http://semarc/title/395386 LEADER 01134nam a2200253 4500 001 000000339837 003 CaOOAMICUS 005 20200710185618.0 008 200316s2019 it 000 u ita r 020 $a978-88-6879-678-5 040 $aSeMil$bita 100 1 $aRotundo, Emmanuele,$d<1984- >.$0(OLS)http://semarc/name/91247 245 10$aEucaristia, Mistero della fede :$bpresenza e sacrificio in prospettiva cristologica /$cEmmanuele Rotundo. 264 1$aSiena :$bCantagalli,$c2019. 300 $a445 p. ;$c24 cm 650 4$aEucaristia - Manuali.$0(OLS)http://semarc/subject/32361 650 4$aEucaristia - Teologia.$0(OLS)http://semarc/subject/4479 850 $aSeMil 852 $aSeMil$W1$xVenegono$y1$m2B VI 413$j219840$B231012$CSeMilBibl$Z2$F231012 $81 961 $aBrambilla don Paolo - Omaggio 996 $6020$a978-88-6879-678-5$9(OLS)http://semarc/number/290162 996 $6245$aEucaristia, Mistero della fede :$bpresenza e sacrificio in prospettiva cristologica$9(OLS)http://semarc/title/428767 996 $6264$aSiena :$bCantagalli$9(OLS)http://semarc/publisher/29767